000 00512nam a2200169Ia 4500
999 _c20229
_d20229
003 OSt
005 20200616120715.0
008 190216s9999||||xx |||||||||||||| ||und||
020 _a0049300059
040 _coclc
082 _a301.550938
_bTAY/W
100 _aTaylor, David
_92970
245 0 _aWork In Ancient Greece And Rome /
_cDavid Taylor
260 _bLondon George Allen And Unwin Ltd,
_c1975.
_aLondon:
300 _a64p
942 _cBK
_2ddc
_h301.550938
_iTAY/W
_k301.550938
_mTAY/W